Working together can boost quality of life (Record no. 73575)
[ view plain ]
| 000 -LEADER | |
|---|---|
| fixed length control field | 01128cam a2200217 4500 |
| 001 - CONTROL NUMBER | |
| control field | WB3938-16 |
| 008 - FIXED-LENGTH DATA ELEMENTS--GENERAL INFORMATION | |
| fixed length control field | 031008n2003 000 0 eng u |
| 035 ## - SYSTEM CONTROL NUMBER | |
| System control number | (Sirsi) u123875 |
| 245 ## - TITLE STATEMENT | |
| Title | Working together can boost quality of life |
| 260 ## - PUBLICATION, DISTRIBUTION, ETC. | |
| Date of publication, distribution, etc. | 2003 |
| 490 ## - SERIES STATEMENT | |
| Series statement | ODPM News Release |
| Volume/sequential designation | 2003/0203 3 October 2003, (2) |
| 520 ## - SUMMARY, ETC. | |
| Summary, etc. | Collaboration between planners and the producers of Community Strategies can help to improve the quality of life in communities. The report commissioned by the ODPM was produced by Entec UK Limited. The report recommends the potential for Community Strategies and Local Development Frameworks to develop a joint approach to their work. |
| 590 ## - LOCAL NOTE (RLIN) | |
| Local note | WB |
| 650 ## - SUBJECT ADDED ENTRY--TOPICAL TERM | |
| Topical term or geographic name entry element | COMMUNITY STRATEGY |
| 650 ## - SUBJECT ADDED ENTRY--TOPICAL TERM | |
| Topical term or geographic name entry element | LOCAL DEVELOPMENT FRAMEWORKS |
| 650 ## - SUBJECT ADDED ENTRY--TOPICAL TERM | |
| Topical term or geographic name entry element | COLLABORATION |
| 690 ## - LOCAL SUBJECT ADDED ENTRY--TOPICAL TERM (OCLC, RLIN) | |
| Topical term or geographic name as entry element | LOCAL GOVERNMENT |
| 856 ## - ELECTRONIC LOCATION AND ACCESS | |
| Uniform Resource Identifier | <a href="https://www.odpm.gov.uk/pns/DisplayPN.cgi?pn_2003_0203">https://www.odpm.gov.uk/pns/DisplayPN.cgi?pn_2003_0203</a> |
| Public note | For details of the press release visit the ODPM website... |
| 856 ## - ELECTRONIC LOCATION AND ACCESS | |
| Uniform Resource Identifier | <a href="https://www.odpm.gov.uk/stellent/groups/odpm_planning/documents/page/odpm_plan_024497.pdf">https://www.odpm.gov.uk/stellent/groups/odpm_planning/documents/page/odpm_plan_024497.pdf</a> |
| Public note | Visit the ODPM Website to view the whole report... |
| 942 ## - ADDED ENTRY ELEMENTS (KOHA) | |
| Suppress in OPAC | 0 |
| Withdrawn status | Lost status | Source of classification or shelving scheme | Damaged status | Not for loan | Home library | Current library | Shelving location | Date acquired | Total Checkouts | Full call number | Barcode | Date last seen | Copy number | Price effective from | Koha item type |
|---|---|---|---|---|---|---|---|---|---|---|---|---|---|---|---|
| Dewey Decimal Classification | London | London | News article | 08/10/2003 | WB3938-16 | 123875-1001 | 06/08/2019 | 1 | 06/08/2019 | News article |